Statistics for Diaspora-Canada

Click here to take the quiz!

General Stats

  • This quiz has been taken 33 times
  • The average score is 14 of 22

Answer Stats

Number of immigrants Continent Country % Correct
1.062.640North AmericaUnited States of America
100%
87.000EuropeUnited Kingdom
100%
319.090AsiaChina
97%
11.016AsiaJapan
97%
60.000EuropeFrance
97%
27.289OceaniaAustralia
93%
13.390EuropeGermany
90%
5.768North AmericaMexico
90%
7.770OceaniaNew Zealand
83%
11.613South AmericaBrazil
83%
14.210AsiaSouth Korea
76%
40.000AsiaUnited Arab Emirates
66%
5.000AsiaThailand
55%
7.500Asiathe Philippines
48%
5.243AsiaSingapore
48%
7,250AsiaQatar
41%
6.000North AmericaHaiti
34%
5.140EuropeSwitzerland
34%
10.000AfricaEgypt
31%
17.320AsiaPakistan
28%
45.000AsiaLebanon
17%
5.000North AmericaTrinidad and Tobago
17%

Score Distribution

Percentile by Number Answered

Percent of People with Each Score

Your Score History

You have not taken this quiz